Incidencia sociológica en la espiritualidad sacerdotal : breve encuesta sobre espiritualidad sacerdotal... /
El autor entiende por espiritualidad sacerdotal la jerarquía de valores evangélicos y el método de prácticas religiosas que siguen los sacerdotes en la promoción tanto de la santificación como del apostolado. Desde esta concepción elabora el presente ensayo para delinear el perfil espiritual de los...
Guardado en:
| 主要作者: | |
|---|---|
| 格式: | 圖書 |
| 語言: | 西班牙语 |
| 主題: | |
| 標簽: |
沒有標簽, 成為第一個標記此記錄!
|
MARC
| LEADER | 00000nam^a2200000^a^4500 | ||
|---|---|---|---|
| 001 | 000286607 | ||
| 005 | 20250521000000.0 | ||
| 009 | 20260310111812.683 | ||
| 037 | |a Acervo Xavier Clavigero | ||
| 041 | |a ESP | ||
| 082 | |a 248. 892 |b MAR | ||
| 100 | |a Martín del Campo, Arturo |e (autor) | ||
| 245 | 1 | 0 | |a Incidencia sociológica en la espiritualidad sacerdotal : |b breve encuesta sobre espiritualidad sacerdotal... / |c A. Martín del Campo. |
| 264 | |a Guadalajara, México : |b editorial no identificada |c 1971 | ||
| 300 | |a 35 p. | ||
| 336 | |a texto |b txt |2 rdacontenido | ||
| 337 | |a sin mediación |b n |2 rdamedio | ||
| 338 | |a volumen |b nc |2 rdasoporte | ||
| 520 | |a El autor entiende por espiritualidad sacerdotal la jerarquía de valores evangélicos y el método de prácticas religiosas que siguen los sacerdotes en la promoción tanto de la santificación como del apostolado. Desde esta concepción elabora el presente ensayo para delinear el perfil espiritual de los sacerdotes, a partir de una encuesta realizada a cien sacerdotes en la diócesis de Guadalajara. | ||
| 649 | |a XX | ||
| 650 | |a Ministros Religiosos - |z Guadalajara, Jalisco - |x Entrevistas | ||
| 650 | |a Ministros Religiosos - |z México - |x Entrevistas | ||
| 650 | |a Vida Espiritual - |z Guadalajara, Jalisco - |x Tema Principal | ||
| 650 | |a Vida Espiritual - |z México | ||
| 650 | |a Espiritualidad - |z Guadalajara, Jalisco | ||
| 650 | |a Espiritualidad - |z México | ||
| 650 | |a Iglesia Católica en Guadalajara, Jalisco | ||
| 650 | |a Iglesia Católica en México | ||
| 650 | |a Catolicismo - |z Guadalajara, Jalisco | ||
| 650 | |a Catolicismo - |z México | ||
| 650 | |a Cristianismo - |z Guadalajara, Jalisco | ||
| 650 | |a Cristianismo - |z México | ||
| 650 | |a Religión - |z Guadalajara, Jalisco | ||
| 650 | |a Religión - |z México | ||
| 650 | |a Sociología de la Religión | ||
| 910 | |a Fondo General | ||
| 920 | |a Impresos - Libros | ||
| 930 | |a Colección General | ||
| 905 | |a 101 | ||
| 901 | |a 0500173637 |b IT1 |c ACC |u 20250521 | ||
| 901 | |a 0500173634 |b IT1 |c ACC |u 20250521 | ||
| 901 | |a 0500173629 |b IT1 |c ACC |u 20250521 | ||
| 902 | |a https://opac.biblio.iteso.mx/vufind/Record/000286607 | ||